Smery a možnosti spoločenskej regulácie voľného času a spôsobu jeho využívania čiastková úloha 906 111 203.02

Gespeichert in:
Bibliographische Detailangaben
1. Verfasser: Bednárik, Rastislav
Weitere Verfasser: Valná, Silvia, Kopecká, Katarína
Format: Buch
Sprache:Slowakisch
Veröffentlicht: Bratislava Výskumný ústav životnej úrovne 1983
Schriftenreihe:Výskumná úloha č. 276
Tags: Tag hinzufügen
Keine Tags, Fügen Sie das erste Tag hinzu!

MARC

LEADER 00000nam a2200000 4500
001 c111061
005 20181203150318.9
041 0 |a slo 
044 |a SK 
245 1 0 |a Smery a možnosti spoločenskej regulácie voľného času a spôsobu jeho využívania  |b čiastková úloha 906 111 203.02  |c Rastislav Bednárik, Silvia Valná, Katarína Kopecká 
264 1 |a Bratislava  |b Výskumný ústav životnej úrovne  |c 1983 
300 |a 111 s. 
490 1 |a Výskumná úloha  |v č. 276 
830 0 |a Výskumná úloha  |v č. 276 
100 1 |a Bednárik, Rastislav 
700 1 |a Valná, Silvia 
700 1 |a Kopecká, Katarína